Holandsko - nie sú len tulipány, ale aj výborne riadené vodné hospodárstvo

Spolupráca slovenských vodohospodárov s holandskými - viaceré projekty. Zaužívaný pojem v Holandsku - vodný reťazec.

Guardado en:
Detalles Bibliográficos
Autor principal: Lichý, Ján
Formato: Capítulo de libro
Lenguaje:eslovaco
Materias:
Etiquetas: Agregar Etiqueta
Sin Etiquetas, Sea el primero en etiquetar este registro!

MARC

LEADER 00000naa a2200000 4500
001 r045807
005 20230925120128.8
041 0 |a slo 
044 |a SK 
245 1 0 |a Holandsko - nie sú len tulipány, ale aj výborne riadené vodné hospodárstvo  |c Ján Lichý 
520 |a Spolupráca slovenských vodohospodárov s holandskými - viaceré projekty. Zaužívaný pojem v Holandsku - vodný reťazec. 
610 2 0 |a vodohospodárstvo 
610 2 0 |a spolupráca medzinárodná 
610 2 0 |a voda pitná 
610 2 0 |a kanalizácia 
610 2 0 |a povodne 
610 2 0 |a Holandsko 
610 2 0 |a Slovensko 
100 1 |a Lichý, Ján